[Event "40 Nezhmetdinov Memorial"]
[Site "Kazan"]
[Date "2018.09.20"]
[Round "8.50"]
[White "Khanukaev, Mark"]
[Black "Razhbadinov, Rasul"]
[Result "1/2-1/2"]
[WhiteElo "1182"]
[BlackElo "1516"]
[PlyCount "77"]
[EventDate "2018.09.13"]

1. d4 d5 2. c4 e6 3. Nc3 Nf6 4. cxd5 exd5 5. Bg5 c6 6. e3 Be7 7. Bd3 O-O 8.
Bxf6 Bxf6 9. Nf3 Re8 10. O-O Bg4 11. h3 Bh5 12. Rc1 Nd7 13. b4 Kh8 14. b5 Nb6
15. bxc6 bxc6 16. Ba6 Rb8 17. Nb1 Qd7 18. Nbd2 Bg6 19. Nb3 Na4 20. Qe2 Rb6 21.
Bd3 Bxd3 22. Qxd3 Nb2 23. Qe2 Nc4 24. Nfd2 Nd6 25. Nc5 Qe7 26. Na4 Rb4 27. Qa6
Bg5 28. Rxc6 Nf5 29. Nf3 Bxe3 30. Re1 Nxd4 31. Rxe3 Nxf3+ 32. gxf3 Qg5+ 33. Kh2
Qf4+ 34. Kg1 Qg5+ 35. Kh2 Qf4+ 36. Kg1 Qg5+ 37. Kh2 Qf4+ 38. Kg1 Qg5+ 39. Kh2
1/2-1/2

[Event "40 Nezhmetdinov Memorial"]
[Site "Kazan"]
[Date "2018.09.20"]
[Round "8.52"]
[White "Fonichkin, Egor"]
[Black "Nagaeva, Aliia"]
[Result "1-0"]
[WhiteElo "1692"]
[BlackElo "1605"]
[PlyCount "113"]
[EventDate "2018.09.13"]

1. d4 Nf6 2. Nc3 d5 3. Bg5 Bf5 4. f3 Bg6 5. Bxf6 exf6 6. e4 Bb4 7. exd5 Qxd5 8.
Bd3 O-O 9. Bxg6 hxg6 10. Nge2 Nc6 11. O-O Qh5 12. Ne4 g5 13. c3 Be7 14. N2g3
Qh7 15. f4 g6 16. Qd2 g4 17. f5 Kg7 18. Qf4 g5 19. Qxg4 Rh8 20. h3 Qh4 21. Qxh4
Rxh4 22. Rae1 Rhh8 23. b4 a6 24. d5 Ne5 25. Nxg5 fxg5 26. Rxe5 Bd6 27. Re3 Bf4
28. Rd3 Rae8 29. Kf2 Re5 30. f6+ Kxf6 31. Kf3 Kg6 32. d6 cxd6 33. Rxd6+ Kg7 34.
Rd3 Kg6 35. Ne2 Rhe8 36. Rd6+ R8e6 37. Rxe6+ fxe6 38. Nxf4+ gxf4 39. Rc1 Kf5
40. c4 Re3+ 41. Kf2 e5 42. c5 Ra3 43. Rc2 Ra4 44. Rb2 e4 45. Ke2 Ra3 46. Kf2
Ke5 47. Kf1 Kd4 48. h4 Ke5 49. b5 Kd5 50. c6 Kd6 51. cxb7 Kc7 52. bxa6 Kb8 53.
Rb4 Rxa6 54. Rxe4 Rf6 55. Rb4 Ra6 56. Rxf4 Rxa2 57. Rb4 1-0

[Event "40 Nezhmetdinov Memorial"]
[Site "Kazan"]
[Date "2018.09.20"]
[Round "8.53"]
[White "Rafikov, Danis"]
[Black "Guzhova, Amina"]
[Result "1/2-1/2"]
[WhiteElo "1307"]
[BlackElo "1554"]
[PlyCount "94"]
[EventDate "2018.09.13"]

1. e4 c5 2. Nf3 Nc6 3. Bb5 Nd4 4. Nxd4 cxd4 5. O-O a6 6. Be2 d6 7. c3 dxc3 8.
bxc3 Nf6 9. Na3 g6 10. Nc4 Nxe4 11. Qc2 Nf6 12. d4 Bg7 13. Re1 O-O 14. Bf3 Rb8
15. Ba3 b5 16. Ne3 Qc7 17. c4 bxc4 18. Qxc4 Qxc4 19. Nxc4 Be6 20. Na5 Rb6 21.
Nc6 Re8 22. Rac1 Bf8 23. d5 Bd7 24. Rc2 Bf5 25. Rce2 Rb1 26. Rxb1 Bxb1 27. Bb2
Nd7 28. Bd4 Bd3 29. Re1 Bb5 30. Rb1 e5 31. dxe6 fxe6 32. Re1 d5 33. Rxe6 Rxe6
34. Bxd5 Kf7 35. Nd8+ Ke7 36. Nxe6 Kd6 37. Bb3 a5 38. Nxf8 Nxf8 39. a4 Bd3 40.
f3 Kc6 41. Kf2 h5 42. Ke3 Bf5 43. Bc3 Ne6 44. Bxe6 Bxe6 45. Bxa5 Bb3 46. Kf4
Bxa4 47. Kg5 Bc2 1/2-1/2

[Event "40 R.G.Nezhmetdinov Memorial"]
[Site "Kazan"]
[Date "2018.09.21"]
[Round "9.11"]
[White "Rozum, Ivan"]
[Black "Yeletsky, Ivan"]
[Result "1/2-1/2"]
[WhiteElo "2576"]
[BlackElo "2388"]
[PlyCount "139"]
[EventDate "2018.09.13"]

1. d4 Nf6 2. Nf3 g6 3. Nbd2 Bg7 4. e4 d6 5. Bd3 O-O 6. O-O Nc6 7. c3 e5 8. dxe5
Nxe5 9. Nxe5 dxe5 10. Qe2 Qe7 11. Nc4 a5 12. a4 Rd8 13. Rd1 b6 14. Bd2 Qe8 15.
f3 Be6 16. Bg5 Qc6 17. b3 h6 18. Bh4 Rd7 19. Bf2 Ne8 20. Qc2 Rad8 21. Be2 Nd6
22. Ne3 Nb7 23. Rxd7 Qxd7 24. Rd1 Qc6 25. Rxd8+ Nxd8 26. Bc4 Bf8 27. Nd5 Bc5
28. Kf1 Bxd5 29. Bxd5 Qd6 30. Be1 Ne6 31. g3 Ng5 32. Qe2 Kg7 33. h4 Nh7 34. Bc4
g5 35. Qd3 Qe7 36. hxg5 hxg5 37. Bd2 c6 38. Ke2 Nf8 39. Bc1 Ne6 40. Qd2 f6 41.
Kd1 Nc7 42. Bf1 b5 43. Bh3 b4 44. cxb4 Bxb4 45. Qd7 Qxd7+ 46. Bxd7 c5 47. f4
gxf4 48. gxf4 Kf7 49. fxe5 fxe5 50. Bg5 c4 51. bxc4 Na6 52. Ke2 Nc5 53. Bc6 Ke6
54. Kf3 Kd6 55. Bb5 Bc3 56. Bd8 Ne6 57. Bf6 Nc5 58. Bg7 Ke7 59. Bh6 Bb4 60.
Bg5+ Kd6 61. Be3 Be1 62. Bh6 Ke7 63. Bc6 Kd6 64. Bd5 Nxa4 65. Bf8+ Kc7 66. c5
Bb4 67. Bd6+ Kd7 68. Bxe5 Nxc5 69. Bd4 Nxe4 70. Kxe4 1/2-1/2

[Event "40 R.G.Nezhmetdinov Memorial"]
[Site "Kazan"]
[Date "2018.09.21"]
[Round "9.12"]
[White "Danielyan, Vahe"]
[Black "Pridorozhni, Aleksei"]
[Result "0-1"]
[WhiteElo "2249"]
[BlackElo "2573"]
[PlyCount "76"]
[EventDate "2018.09.13"]

1. e4 g6 2. d4 Bg7 3. Nc3 a6 4. h4 h5 5. Be3 b5 6. Qd2 Bb7 7. a4 b4 8. Nd5 a5
9. Nf3 e6 10. Nf4 Bxe4 11. Ng5 Bf5 12. Be2 Nc6 13. f3 Nf6 14. b3 Ne7 15. O-O-O
d5 16. Rdg1 Qd7 17. Nd3 Bxd3 18. Bxd3 Nf5 19. Bf2 Nh7 20. g4 Nxg5 21. hxg5 hxg4
22. Rxh8+ Bxh8 23. fxg4 Nd6 24. Rh1 O-O-O 25. Rh7 Qc6 26. Be3 e5 27. Qh2 Qe8
28. Kb1 Kb7 29. Qg2 e4 30. Bf1 Qe6 31. Qe2 Ra8 32. Bf4 Bxd4 33. Bxd6 Qxd6 34.
Qb5+ Bb6 35. Rxf7 Qc6 36. Qe2 Bd4 37. Bg2 Rh8 38. Bf1 Be5 0-1

[Event "40 R.G.Nezhmetdinov Memorial"]
[Site "Kazan"]
[Date "2018.09.21"]
[Round "9.13"]
[White "Bocharov, Ivan"]
[Black "Skatchkov, Valery"]
[Result "1-0"]
[WhiteElo "2565"]
[BlackElo "2253"]
[PlyCount "47"]
[EventDate "2018.09.13"]

1. e4 e5 2. Bc4 Nf6 3. d3 c6 4. Nf3 d5 5. Bb3 Bb4+ 6. Bd2 Bxd2+ 7. Nbxd2 dxe4
8. dxe4 Qe7 9. Nc4 Nxe4 10. Qe2 Bf5 11. g4 Bg6 12. h4 Nc5 13. O-O-O O-O 14. Nd6
Nbd7 15. h5 Bd3 16. Rxd3 Nxd3+ 17. Qxd3 Nc5 18. Qd2 Qf6 19. Nf5 e4 20. N3d4
Rad8 21. Qe3 a5 22. Bc4 b5 23. g5 Qe5 24. Nxc6 1-0

[Event "40 R.G.Nezhmetdinov Memorial"]
[Site "Kazan"]
[Date "2018.09.21"]
[Round "9.14"]
[White "Pogorelskikh, Sergey"]
[Black "Samusenko, Maksim"]
[Result "1-0"]
[WhiteElo "2202"]
[BlackElo "2442"]
[PlyCount "161"]
[EventDate "2018.09.13"]

1. e4 d6 2. d4 Nf6 3. Nc3 e5 4. Nf3 Nbd7 5. Bc4 Be7 6. O-O O-O 7. Re1 c6 8. a4
exd4 9. Nxd4 Ne5 10. Be2 d5 11. exd5 Nxd5 12. Nxd5 Qxd5 13. Bf4 Ng6 14. Bg3 Bf6
15. c3 Bxd4 16. Qxd4 Qxd4 17. cxd4 Be6 18. a5 a6 19. Bc7 Rfe8 20. g3 Rac8 21.
Bb6 Nf8 22. Bc5 Nd7 23. Bf1 Rcd8 24. Bb4 Nf6 25. Bc5 Nd7 26. Bb4 g5 27. f3 h5
28. h4 gxh4 29. gxh4 Nf8 30. Bc5 Ng6 31. Kf2 Nxh4 32. Re5 Rd5 33. Bd3 Rxe5 34.
dxe5 Bf5 35. Rg1+ Kh7 36. Bc4 Bg6 37. Rg5 Kh6 38. Be3 Kg7 39. Bd3 Rd8 40. Be4
f6 41. exf6+ Kxf6 42. Rg1 Kf7 43. Bg5 Bxe4 44. fxe4 Re8 45. Bxh4 Rxe4 46. Bd8
Rd4 47. Bg5 Rd5 48. b4 Rb5 49. Bd2 c5 50. bxc5 Rxc5 51. Ra1 Ke6 52. Be3 Rb5 53.
Bb6 Kf5 54. Kg3 Kg5 55. Bd8+ Kg6 56. Rd1 Rb3+ 57. Kf4 Rb4+ 58. Ke5 Rc4 59. Rd6+
Kf7 60. Bb6 h4 61. Kf5 Ke7 62. Rh6 Kd7 63. Rh7+ Kc6 64. Ke5 Rg4 65. Rc7+ Kb5
66. Rxb7 h3 67. Rh7 Rg3 68. Kd6 Rc3 69. Rh8 Ka4 70. Kd7 Kb4 71. Bc7 Kc4 72. Kc8
Kd4 73. Kb7 Ke4 74. Bb6 Kf4 75. Kxa6 Kg3 76. Kb7 Kg2 77. Bc7 Rb3+ 78. Kc8 Ra3
79. Rh5 Kg1 80. Kb7 Ra1 81. a6 1-0

[Event "40 R.G.Nezhmetdinov Memorial"]
[Site "Kazan"]
[Date "2018.09.21"]
[Round "9.15"]
[White "Tsoi, Dmitry"]
[Black "Gubajdullin, Alexei"]
[Result "1-0"]
[WhiteElo "2422"]
[BlackElo "2358"]
[PlyCount "99"]
[EventDate "2018.09.13"]

1. c4 g6 2. g3 Bg7 3. Bg2 c5 4. Nc3 Nc6 5. Nf3 d6 6. O-O e5 7. d3 Nge7 8. a3
O-O 9. Rb1 f5 10. Bd2 a5 11. Ne1 f4 12. Nc2 a4 13. Nd5 Nxd5 14. cxd5 Na5 15.
Bxa5 Rxa5 16. Ne1 g5 17. Nf3 e4 18. dxe4 g4 19. Ne1 c4 20. Qc1 fxg3 21. hxg3
Rc5 22. Qe3 Rb5 23. Qc1 Rc5 24. Qe3 Qf6 25. f4 gxf3 26. Nxf3 c3 27. e5 Qh6 28.
Qxh6 Bxh6 29. bxc3 Be3+ 30. Kh2 Rxd5 31. c4 Ra5 32. exd6 Rd8 33. Nh4 Bc5 34.
Bd5+ Kh8 35. Nf5 Bxa3 36. Nh6 Kg7 37. Nf7 Rf8 38. d7 Bxd7 39. Rxb7 Bc8 40. Rc7
Kg6 41. Ne5+ Kh5 42. Rxf8 Bxf8 43. Rxc8 a3 44. Rxf8 a2 45. g4+ Kg5 46. Rf5+ Kh6
47. g5+ Kh5 48. Bf7+ Kh4 49. Nf3+ Kg4 50. Rxa5 1-0

[Event "40 R.G.Nezhmetdinov Memorial"]
[Site "Kazan"]
[Date "2018.09.21"]
[Round "9.16"]
[White "Ponfilenok, Vladimir"]
[Black "Frolyanov, Dmitry"]
[Result "0-1"]
[WhiteElo "2353"]
[BlackElo "2532"]
[PlyCount "100"]
[EventDate "2018.09.13"]

1. d4 Nf6 2. c4 g6 3. g3 Bg7 4. Bg2 d5 5. cxd5 Nxd5 6. e4 Nb6 7. Ne2 O-O 8. O-O
Na6 9. Nbc3 c5 10. d5 e6 11. Bf4 exd5 12. exd5 Bf5 13. b3 Re8 14. Qd2 Qd7 15.
Bh6 Bh8 16. Be3 Rac8 17. Rac1 Bh3 18. Bxh3 Qxh3 19. Rfd1 Nd7 20. Nf4 Qf5 21.
Qd3 Qxd3 22. Nxd3 Bxc3 23. Rxc3 b6 24. d6 Rc6 25. Nf4 Kg7 26. Kg2 f6 27. h4 Kf7
28. a3 Nab8 29. Rcd3 Rd8 30. Rd5 Ne5 31. Nd3 Nxd3 32. R5xd3 Nd7 33. Bf4 Re8 34.
g4 b5 35. Re3 Rxe3 36. Bxe3 c4 37. a4 bxa4 38. bxc4 Rxc4 39. Bxa7 Rxg4+ 40. Kh3
Rc4 41. Re1 Ne5 42. Be3 Rxh4+ 43. Kg3 Rg4+ 44. Kh3 Re4 45. Rd1 Nd7 46. Kg3 a3
47. Bd4 a2 48. Ba1 Ke6 49. Rd2 Ra4 50. f4 Nc5 0-1

[Event "40 R.G.Nezhmetdinov Memorial"]
[Site "Kazan"]
[Date "2018.09.21"]
[Round "9.17"]
[White "Gabrielian, Artur"]
[Black "Mamedjarova, Turkan"]
[Result "1-0"]
[WhiteElo "2503"]
[BlackElo "2312"]
[PlyCount "67"]
[EventDate "2018.09.13"]

1. e4 c6 2. d4 d5 3. Nd2 dxe4 4. Nxe4 Bf5 5. Ng3 Bg6 6. c3 e6 7. Nh3 Bd6 8. Nf4
Nf6 9. h4 Bxf4 10. Bxf4 h6 11. Qb3 Qe7 12. Be2 O-O 13. O-O Nd5 14. Bd2 a5 15.
h5 a4 16. Qd1 Bh7 17. c4 Nb4 18. Bc3 Rd8 19. Qd2 N8a6 20. Rfc1 c5 21. a3 Nc6
22. d5 exd5 23. cxd5 Nc7 24. Bf3 Nb5 25. Re1 Qf8 26. Ne2 Nxc3 27. Qxc3 Ne7 28.
Qxc5 Nxd5 29. Qxf8+ Kxf8 30. Red1 Nf6 31. Nc3 Bc2 32. Bxb7 Bxd1 33. Bxa8 Bb3
34. Bc6 1-0

[Event "40 R.G.Nezhmetdinov Memorial"]
[Site "Kazan"]
[Date "2018.09.21"]
[Round "9.18"]
[White "Zhitnikov, Konstantin"]
[Black "Usmanov, Vasily"]
[Result "1-0"]
[WhiteElo "2247"]
[BlackElo "2470"]
[PlyCount "77"]
[EventDate "2018.09.13"]

1. e4 c5 2. Nf3 Nc6 3. Bb5 d6 4. O-O Bd7 5. Re1 a6 6. Bf1 Bg4 7. h3 Bxf3 8.
Qxf3 g6 9. c3 Bg7 10. d3 Nf6 11. Be3 Nd7 12. Qd1 O-O 13. Nd2 Rc8 14. Rc1 b5 15.
Nf3 Qa5 16. a3 Qb6 17. d4 cxd4 18. cxd4 Qb7 19. d5 Nce5 20. Nd4 Nc5 21. f3 Rc7
22. Bf2 Bh6 23. Rc2 Rfc8 24. b3 Ncd7 25. Rxc7 Rxc7 26. g3 b4 27. axb4 Rc1 28.
Qe2 Qxb4 29. Rxc1 Bxc1 30. f4 Nf6 31. fxe5 dxe5 32. Nc6 Qxb3 33. Nxe7+ Kg7 34.
Nc6 Qc3 35. Qd3 Bb2 36. Qxc3 Bxc3 37. Bd3 a5 38. Bc5 Bb2 39. Nxa5 1-0

[Event "40 R.G.Nezhmetdinov Memorial"]
[Site "Kazan"]
[Date "2018.09.21"]
[Round "9.19"]
[White "Murtazin, Ruslan"]
[Black "Gaifullin, Artur"]
[Result "1-0"]
[WhiteElo "2295"]
[BlackElo "2454"]
[PlyCount "145"]
[EventDate "2018.09.13"]

1. e4 c6 2. d4 d5 3. e5 Bf5 4. h4 h5 5. c4 e6 6. Nc3 Ne7 7. Nge2 Nd7 8. Ng3 Bg6
9. cxd5 Nxd5 10. Be2 Be7 11. Nxh5 Bb4 12. Bd2 Bxh5 13. Bxh5 g6 14. Bf3 Rxh4 15.
Rxh4 Qxh4 16. Nxd5 Bxd2+ 17. Qxd2 cxd5 18. Rc1 Qd8 19. Qb4 Qb6 20. Qxb6 Nxb6
21. Rc7 Rb8 22. Bd1 Na8 23. Rc3 Kd7 24. Rh3 Ke7 25. Kd2 Nc7 26. Be2 b5 27. f4
Rb6 28. Ra3 a6 29. Rc3 Kd7 30. g4 Rb7 31. Rh3 Rb8 32. Rh7 Ke7 33. Bd3 Rg8 34.
Ke3 Na8 35. Kf3 Nb6 36. b3 Nd7 37. f5 gxf5 38. gxf5 Nb8 39. fxe6 Kxe6 40. Rh6+
Ke7 41. Bf5 Kd8 42. Rd6+ Kc7 43. Rxd5 Rg1 44. Rc5+ Kb6 45. Be4 Rd1 46. Rc8 Nd7
47. Rc6+ Ka5 48. Rd6 Nf8 49. d5 Kb4 50. Ke2 Rg1 51. e6 fxe6 52. dxe6 Nxe6 53.
Rxe6 a5 54. Bc6 a4 55. bxa4 bxa4 56. Kd3 Ka3 57. Re2 Rd1+ 58. Ke4 Rd8 59. Bd5
Re8+ 60. Kd3 Rd8 61. Kd4 Rh8 62. Re3+ Kb2 63. Kc5 Rd8 64. Bc4 Rb8 65. a3 Rh8
66. Kb4 Rh4 67. Re2+ Ka1 68. Kb5 Rg4 69. Be6 Rd4 70. Ka5 Rh4 71. Bd7 Rc4 72.
Bxa4 Rc3 73. Kb4 1-0

[Event "40 R.G.Nezhmetdinov Memorial"]
[Site "Kazan"]
[Date "2018.09.21"]
[Round "9.20"]
[White "Yankelevich, Lev"]
[Black "Anchutin, Nikita"]
[Result "1/2-1/2"]
[WhiteElo "2431"]
[BlackElo "2221"]
[PlyCount "42"]
[EventDate "2018.09.13"]

1. c4 c6 2. d4 d5 3. Nf3 Nf6 4. Nc3 dxc4 5. a4 Bf5 6. e3 e6 7. Bxc4 Bb4 8. O-O
Nbd7 9. Qe2 O-O 10. e4 Bg6 11. Bd3 Bh5 12. e5 Nd5 13. Nxd5 cxd5 14. Qe3 Re8 15.
a5 Rc8 16. a6 bxa6 17. Rxa6 Rc7 18. Ng5 Bg6 19. Bxg6 hxg6 20. Qh3 Nf8 21. Qg4
Be7 1/2-1/2

[Event "40 R.G.Nezhmetdinov Memorial"]
[Site "Kazan"]
[Date "2018.09.21"]
[Round "9.21"]
[White "Filipenko, Alexander V"]
[Black "Palachev, Petr"]
[Result "1/2-1/2"]
[WhiteElo "2245"]
[BlackElo "2405"]
[PlyCount "60"]
[EventDate "2018.09.13"]

1. e4 c5 2. Nf3 d6 3. Bb5+ Nd7 4. d4 cxd4 5. Qxd4 a6 6. Bxd7+ Bxd7 7. c4 Rc8 8.
Nc3 e5 9. Qd3 Qc7 10. Nd2 Nf6 11. O-O Be7 12. a4 O-O 13. a5 Bc6 14. b3 Nd7 15.
Ba3 Qxa5 16. Bxd6 Qd8 17. Bxe7 Qxe7 18. Nd5 Bxd5 19. exd5 f5 20. Rfe1 Qd6 21.
f3 Rf6 22. h3 h5 23. Qe3 h4 24. Qg5 Qc5+ 25. Kh2 Qf2 26. Rad1 b5 27. Rf1 Qc5
28. Qxh4 Nb6 29. Rc1 Qb4 30. Qe1 a5 1/2-1/2

[Event "40 R.G.Nezhmetdinov Memorial"]
[Site "Kazan"]
[Date "2018.09.21"]
[Round "9.22"]
[White "Baghdasaryan, Vahe"]
[Black "Cervantes Landeiro, Thalia"]
[Result "0-1"]
[WhiteElo "2404"]
[BlackElo "2172"]
[PlyCount "78"]
[EventDate "2018.09.13"]

1. c4 e5 2. Nc3 Nc6 3. g3 Bc5 4. Bg2 d6 5. e3 a6 6. Nge2 Ba7 7. O-O h5 8. f4 h4
9. Nd5 hxg3 10. hxg3 Bg4 11. b4 Nh6 12. b5 axb5 13. cxb5 Nd4 14. exd4 Bxd4+ 15.
Ne3 Bxa1 16. Nxg4 Nxg4 17. Bxb7 Rb8 18. Bc6+ Kf8 19. Ba3 Qf6 20. Qxa1 Qh6 21.
Kg2 Qh3+ 22. Kf3 Nh2+ 23. Kf2 Nxf1 24. Qxf1 Qf5 25. Kg1 Qh7 26. Qf3 Qb1+ 27.
Kg2 e4 28. Qxe4 Qh1+ 29. Kf2 Rh2+ 30. Ke3 Qxe4+ 31. Bxe4 Re8 32. Nd4 Rg2 33.
Bb2 d5 34. Kf3 Rxd2 35. Ba3+ Kg8 36. Bxd5 Rxd4 37. Bc6 Rd3+ 38. Kf2 Rxa3 39.
Bxe8 Rxa2+ 0-1

[Event "40 R.G.Nezhmetdinov Memorial"]
[Site "Kazan"]
[Date "2018.09.21"]
[Round "9.23"]
[White "Yangutov, Aleksey"]
[Black "Salemgareev, Tagir"]
[Result "0-1"]
[WhiteElo "2159"]
[BlackElo "2394"]
[PlyCount "100"]
[EventDate "2018.09.13"]

1. d4 d5 2. c4 c6 3. Nf3 dxc4 4. a4 e6 5. Nc3 Bb4 6. e3 b5 7. Bd2 a5 8. axb5
Bxc3 9. Bxc3 cxb5 10. b3 Bb7 11. bxc4 b4 12. Bb2 Nf6 13. Bd3 Nbd7 14. O-O O-O
15. Bc2 Qc7 16. c5 Bc6 17. Ba4 Ne4 18. Nd2 Nxd2 19. Qxd2 f5 20. Bb3 Rfe8 21.
Qc2 Be4 22. Qe2 Nf6 23. f3 Bc6 24. Qc2 Qd7 25. Ba4 Rec8 26. Rfe1 Bxa4 27. Rxa4
b3 28. Qc4 Nd5 29. Ra3 a4 30. e4 fxe4 31. fxe4 Nf6 32. Rea1 Nxe4 33. Rxa4 Rxa4
34. Rxa4 Qf7 35. Qe2 Qf4 36. Ra1 Rf8 37. c6 Ng5 38. Rc1 Qd6 39. Qc4 Qf4 40. c7
Qe3+ 41. Kh1 Ne4 42. Qxe6+ Kh8 43. Qf7 Nf2+ 44. Qxf2 Qxf2 45. c8=Q h6 46. Qc4
Qxb2 47. h3 Qd2 48. Rb1 Qc2 49. Qxb3 Rf1+ 50. Kh2 Qxb1 0-1

[Event "40 R.G.Nezhmetdinov Memorial"]
[Site "Kazan"]
[Date "2018.09.21"]
[Round "9.24"]
[White "Filippova, Margarita"]
[Black "Tunik, Gennady"]
[Result "0-1"]
[WhiteElo "2103"]
[BlackElo "2367"]
[PlyCount "110"]
[EventDate "2018.09.13"]

1. Nf3 Nf6 2. c4 e6 3. Nc3 Bb4 4. Qc2 c5 5. a3 Ba5 6. e3 O-O 7. Be2 Nc6 8. O-O
Bc7 9. b3 d6 10. Bb2 e5 11. d3 h6 12. Rad1 Bf5 13. Qc1 Bh7 14. Nd2 Nd7 15. Nde4
Ne7 16. b4 f5 17. Nd2 a5 18. b5 b6 19. Bf3 Ra7 20. Nd5 Nxd5 21. Bxd5+ Kh8 22.
f4 Nf6 23. a4 Bb8 24. Rde1 Re7 25. Qd1 Bc7 26. Bc6 d5 27. cxd5 Nxd5 28. Bxd5
Qxd5 29. Bxe5 Bxe5 30. fxe5 Qxd3 31. Nf3 Rd8 32. Qxd3 Rxd3 33. Rd1 Red7 34. e6
Rxd1 35. exd7 Rxd7 36. Ne5 Rb7 37. g4 fxg4 38. Rf8+ Bg8 39. Rd8 Kh7 40. Nd7 Bb3
41. e4 Kg6 42. e5 Kf5 43. Nb8 Kxe5 44. Nc6+ Kf4 45. Rf8+ Kg5 46. Nd8 Re7 47.
Nc6 Re1+ 48. Kf2 Rb1 49. Ne7 g6 50. Rb8 Rb2+ 51. Kg3 Re2 52. Nc6 h5 53. h4+
gxh3 54. Kxh3 Be6+ 55. Kg3 h4+ 0-1

[Event "40 R.G.Nezhmetdinov Memorial"]
[Site "Kazan"]
[Date "2018.09.21"]
[Round "9.25"]
[White "Kalegin, Evgenij"]
[Black "Kozlov, Denis"]
[Result "1-0"]
[WhiteElo "2433"]
[BlackElo "2164"]
[PlyCount "73"]
[EventDate "2018.09.13"]

1. e4 e6 2. d4 d5 3. Nc3 Bb4 4. e5 Ne7 5. Bd2 b6 6. a3 Bxc3 7. Bxc3 Ba6 8. Bxa6
Nxa6 9. Qd3 Nb8 10. Nf3 c5 11. dxc5 bxc5 12. b4 Qc7 13. O-O Nd7 14. Rfe1 h6 15.
h4 Rb8 16. h5 Nc6 17. Rab1 d4 18. Bd2 O-O 19. Qe4 f5 20. exf6 Rxf6 21. Nh2 Rxf2
22. Kxf2 Qxh2 23. Rb3 Rf8+ 24. Rf3 Rxf3+ 25. Qxf3 Qd6 26. b5 Nce5 27. Qa8+ Kf7
28. Bf4 Ng4+ 29. Kg3 e5 30. Kxg4 Nf6+ 31. Kf3 exf4 32. Qc6 Qd8 33. Qxc5 Qa5 34.
Qc4+ Kf8 35. Qb4+ Qxb4 36. axb4 Nxh5 37. Ra1 1-0

[Event "40 R.G.Nezhmetdinov Memorial"]
[Site "Kazan"]
[Date "2018.09.21"]
[Round "9.26"]
[White "Emelianov, Fedor"]
[Black "Mukhutdinov, Tigran"]
[Result "0-1"]
[WhiteElo "2124"]
[BlackElo "2273"]
[PlyCount "68"]
[EventDate "2018.09.13"]

1. e4 c5 2. Nf3 Nc6 3. g3 e6 4. Bg2 d5 5. exd5 exd5 6. d4 Nf6 7. O-O Be7 8.
dxc5 O-O 9. Nbd2 Bxc5 10. Nb3 Bb6 11. h3 Bf5 12. c3 Qd7 13. Kh2 Rfe8 14. Nbd4
Be4 15. Be3 Rac8 16. Ng5 Bxg2 17. Kxg2 Ne4 18. Ngf3 Na5 19. Nc2 Bc7 20. Bd4 Nc6
21. Qd3 Nxd4 22. Qxd4 Qb5 23. Qb4 Qa6 24. Qd4 Qe2 25. Qa4 Nc5 26. Qb4 Nd3 27.
Qb3 Bb6 28. Nfd4 Qe4+ 29. Kh2 h5 30. Rad1 h4 31. Qb5 Nxf2 32. Rde1 hxg3+ 33.
Kxg3 Bc7+ 34. Kxf2 Qh4+ 0-1

[Event "40 R.G.Nezhmetdinov Memorial"]
[Site "Kazan"]
[Date "2018.09.21"]
[Round "9.27"]
[White "Mochalin, Faddey"]
[Black "Bogdanov, Nikita"]
[Result "0-1"]
[WhiteElo "2100"]
[BlackElo "2244"]
[PlyCount "70"]
[EventDate "2018.09.13"]

1. e4 c6 2. d4 d5 3. Nd2 dxe4 4. Nxe4 Nf6 5. Nxf6+ exf6 6. c3 Bd6 7. Bd3 O-O 8.
Ne2 Qc7 9. Qc2 h6 10. Be3 Be6 11. Ng3 c5 12. dxc5 Bxc5 13. Bxc5 Qxc5 14. O-O
Nc6 15. Rfe1 Rac8 16. Qe2 Rfd8 17. Ne4 Qb6 18. Rad1 Ne5 19. h3 Rxd3 20. Rxd3
Nxd3 21. Qxd3 Qxb2 22. Re3 Qb6 23. Rg3 Bf5 24. Re3 Rc6 25. Qd5 Be6 26. Qd2 f5
27. Rg3 Qb1+ 28. Kh2 Qxe4 29. Qxh6 Qe5 30. f4 Qxc3 31. Qg5 Qd4 32. Qe7 Rc8 33.
Qh4 b5 34. Rg5 Rc1 35. Qh6 Qxf4+ 0-1

[Event "40 R.G.Nezhmetdinov Memorial"]
[Site "Kazan"]
[Date "2018.09.21"]
[Round "9.28"]
[White "Shafigullina, Zarina"]
[Black "Kuzmin, Roman"]
[Result "0-1"]
[WhiteElo "2242"]
[BlackElo "2053"]
[PlyCount "33"]
[EventDate "2018.09.13"]

1. d4 Nf6 2. Nf3 g6 3. g3 Bg7 4. Bg2 O-O 5. O-O d5 6. c4 c6 7. Qb3 dxc4 8. Qxc4
Bf5 9. Nc3 Nbd7 10. Re1 Ne4 11. e3 e5 12. Nh4 Nd6 13. Qb4 c5 14. dxc5 a5 15.
Qa3 Nc4 16. Qb3 Be6 17. Bd5 0-1

[Event "40 R.G.Nezhmetdinov Memorial"]
[Site "Kazan"]
[Date "2018.09.21"]
[Round "9.29"]
[White "Asatryan, Gor"]
[Black "Shoboev, Dandar"]
[Result "1/2-1/2"]
[WhiteElo "2072"]
[BlackElo "2237"]
[PlyCount "51"]
[EventDate "2018.09.13"]

1. e4 d6 2. d4 g6 3. Nc3 Bg7 4. f4 a6 5. Be3 b5 6. Be2 Bb7 7. Bf3 Nd7 8. e5 Qc8
9. Bxb7 Qxb7 10. Qf3 Qxf3 11. Nxf3 e6 12. Ne4 d5 13. Nf2 Ne7 14. g4 h5 15. h3
Rc8 16. Kd2 c5 17. c3 c4 18. b4 hxg4 19. hxg4 Rxh1 20. Rxh1 Ra8 21. Ne1 Nb6 22.
Nc2 Na4 23. Ne1 Nb6 24. Nc2 Na4 25. Ne1 Nb6 26. Nc2 1/2-1/2

[Event "40 R.G.Nezhmetdinov Memorial"]
[Site "Kazan"]
[Date "2018.09.21"]
[Round "9.30"]
[White "Glukhov, Alexander"]
[Black "Martynyuk, Elizaveta"]
[Result "1-0"]
[WhiteElo "2236"]
[BlackElo "2078"]
[PlyCount "72"]
[EventDate "2018.09.13"]

1. e4 c5 2. Nf3 e6 3. d4 cxd4 4. Nxd4 Nc6 5. Nc3 Qc7 6. Be3 Nf6 7. Qd2 a6 8. f3
Bb4 9. a3 Ba5 10. Nb3 O-O 11. Bc5 Bxc3 12. bxc3 Re8 13. Bd6 Qd8 14. e5 Nd5 15.
c4 Nde7 16. Bd3 Nf5 17. Bxf5 exf5 18. O-O-O Nxe5 19. Rhe1 Nxc4 20. Rxe8+ Qxe8
21. Re1 Qd8 22. Qd5 Nxd6 23. Qxd6 Qf8 24. Re7 b6 25. Nd4 Bb7 26. Nxf5 Bc6 27.
Qe5 g6 28. Nd6 Qh6+ 29. Kb2 Rf8 30. Ne8 d6 31. Nf6+ Kh8 32. Qxd6 Rc8 33. Rxf7
Ba4 34. Rxh7+ Qxh7 35. Nxh7 Kxh7 36. Qe7+ Kg8 1-0

[Event "40 R.G.Nezhmetdinov Memorial"]
[Site "Kazan"]
[Date "2018.09.21"]
[Round "9.31"]
[White "Khazieva, Elza"]
[Black "Markelova, Lubov"]
[Result "1/2-1/2"]
[WhiteElo "2083"]
[BlackElo "2169"]
[PlyCount "73"]
[EventDate "2018.09.13"]

1. e4 e6 2. d4 d5 3. exd5 exd5 4. Nf3 Bd6 5. Bd3 Nc6 6. O-O Nge7 7. c3 Bg4 8.
b4 Qd7 9. Nbd2 O-O 10. Qc2 Bf5 11. Re1 Bxd3 12. Qxd3 Qf5 13. Qxf5 Nxf5 14. Nb3
Rfe8 15. Bd2 h5 16. h3 g6 17. g3 b6 18. Kg2 f6 19. a4 g5 20. a5 Rxe1 21. Bxe1
Re8 22. Bd2 Kf7 23. axb6 axb6 24. Nc1 Nce7 25. Nd3 Ng6 26. Ng1 h4 27. g4 Ng7
28. Kf3 Ne6 29. Ne2 Re7 30. Ra8 c5 31. bxc5 bxc5 32. Ra6 c4 33. Rxd6 cxd3 34.
Nc1 Ngf4 35. Rb6 Rc7 36. Rb3 Kg6 37. Rb6 1/2-1/2

[Event "40 R.G.Nezhmetdinov Memorial"]
[Site "Kazan"]
[Date "2018.09.21"]
[Round "9.32"]
[White "Maneluk, Daniil"]
[Black "Garifullina, Leya"]
[Result "1-0"]
[WhiteElo "2170"]
[BlackElo "2053"]
[PlyCount "177"]
[EventDate "2018.09.13"]

1. e4 e5 2. Nf3 Nc6 3. Bb5 Nf6 4. O-O Nxe4 5. d4 Nd6 6. Bxc6 dxc6 7. dxe5 Nf5
8. Qxd8+ Kxd8 9. Nc3 Bd7 10. Rd1 Kc8 11. Ne4 h6 12. b3 b6 13. Bb2 c5 14. c4 Be6
15. h3 Kb7 16. Ne1 g5 17. Nf6 a5 18. Rd3 Ne7 19. a4 Ng6 20. Rad1 Bg7 21. Nf3
Nf4 22. R3d2 Raf8 23. Nd5 Ng6 24. Ne3 Kc8 25. Kf1 Rd8 26. Ke1 Nf4 27. Rxd8+
Rxd8 28. Rxd8+ Kxd8 29. Kd2 Bc8 30. Ne1 Bb7 31. f3 Bf8 32. Nd3 Ng6 33. Ke2 Nh4
34. Kf2 Kd7 35. Ng4 Ke6 36. Nf6 Bc6 37. Nh5 Nf5 38. g3 Nd4 39. Bxd4 cxd4 40. g4
Bb7 41. Ke2 c6 42. Kd2 Ba6 43. f4 gxf4 44. Nhxf4+ Kd7 45. Ne2 c5 46. Nef4 Be7
47. Ke2 Bd8 48. Nd5 Bb7 49. Kf3 Kc6 50. Ke4 Bc8 51. N3f4 Kd7 52. Nh5 Bb7 53.
Ng7 Bg5 54. Nf5 Ke6 55. Ng7+ Kd7 56. Nf5 Ke6 57. h4 Bd8 58. Ng7+ Kd7 59. Nf5
Ke6 60. g5 hxg5 61. Ng7+ Kd7 62. h5 g4 63. h6 g3 64. Kf3 d3 65. h7 d2 66. Ke2
g2 67. h8=Q d1=Q+ 68. Kxd1 g1=Q+ 69. Kc2 Qf2+ 70. Kb1 Qe1+ 71. Ka2 Qe2+ 72. Kb1
Qe4+ 73. Ka2 Qxe5 74. Qh3+ Kc6 75. Qh6+ f6 76. Nh5 Qe2+ 77. Ka3 Qd1 78. Kb2
Qd4+ 79. Ka2 Qf2+ 80. Ka3 Qg1 81. Kb2 Qg2+ 82. Ka3 Qg5 83. Qh8 Qc1+ 84. Ka2
Qc2+ 85. Ka3 Qb1 86. Qe8+ Kd6 87. Qxd8+ Ke5 88. Qxf6+ Ke4 89. Qg6+ 1-0